La Noguera : heterogeneïtat territorial i expectatives de redreçament sòcio-econòmic / Romà Pujadas i Rúbies, Ignasi Aldomà i Buixadé ; amb la col·laboració de: Isabel Pujadas i Rúbies... [et al.] ; prologat per Maria Rúbies i Garrofé heterogeneïtat territorial i expectatives de redreçament sòcio-econòmic / Romà Pujadas i Rúbies, Ignasi Aldomà i Buixadé ; amb la col·laboració de:
MARC
| LEADER | 00000nam a2200000Ia 4500 | ||
|---|---|---|---|
| 001 | 9500 | ||
| 008 | 160829s1991 xx 000 0 cat d | ||
| 020 | |a 84-87135-14-5 | ||
| 080 | |a M-2-25 | ||
| 100 | |a Pujadas i Rúbies, Romà |9 26240 | ||
| 245 | |a La Noguera : |b heterogeneïtat territorial i expectatives de redreçament sòcio-econòmic / Romà Pujadas i Rúbies, Ignasi Aldomà i Buixadé ; amb la col·laboració de: |b Isabel Pujadas i Rúbies... [et al.] ; prologat per Maria Rúbies i Garrofé | ||
| 260 | |a Barcelona : |b Caixa d'Estalvis de Catalunya, |c 1991 | ||
| 300 | |a XI, 541 p. : |b amb map. ; |c 24 cm | ||
| 490 | |a Catalunya Comarcal ; 32 | ||
| 590 | |a Bibliografia | ||
| 650 | |a Noguera |x Condicions econòmiques |9 29207 | ||
| 650 | |a Noguera |x Condicions socials |9 29208 | ||
| 700 | |a Aldomà i Buixadé, Ignasi |9 25758 | ||
| 700 | 1 | |a Pujadas, Isabel, |d 1949- |9 29209 | |
| 700 | |a Rúbies i Garrofé, Maria I |9 29210 | ||
| 700 | |a Caixa Catalunya | ||
| 901 | |a Arxiu | ||
| 942 | |n 1 | ||
| 952 | |0 0 |1 0 |4 0 |6 M225 |7 1 |9 45103 |a Arxiu |b Arxiu |d 2016-12-01 |l 0 |o M-2-25 |p 9500 |r 2016-12-01 00:00:00 |w 2016-12-01 |y ARXIU | ||
| 999 | |c 47723 |d 47723 | ||